000 00769nam a2200217Ia 4500
003 GCL
008 140319s9999 xx 000 0 ara d
040 _aGCL /
_cGCL
082 0 4 _aق
_b953.07393
_bق ص
100 1 _aقدرى قلعجى
245 1 0 _aصلاح الدين الايوبى قصة الصراع بين الشرق والغرب /
_cقدرى قلعجى
260 _a[S.N] :
_bشركة المطبوعات للتوزيع والنشر ،
_c1992
300 _a662 ص
490 _a
650 0 4 _aالتاريخ الاسلامى
650 0 4 _aالحروب الصليبية فى فلسطين والشام
650 0 4 _aالحروب الصليبية فى مصر
650 0 4 _aمعركة حطين
650 0 4 _aفتح بيت المقدس
942 _2ddc
_cBK
999 _c52857
_d52857